000 00737nam a2200265Ia 4500
003 SMC
005 20170113141503.0
008 160404s9999 xx 000 0 und d
020 _a971-23-1490-1
050 _aFIL HF 5635
050 _b.G35 1994
100 _aGalanza, Raquel Monte -
245 _aAccounting principles and procedures for a sole proprietorship :
245 _ba textbook for the first course in accounting /
245 _cRaquel Monte Galanza.
260 _aManila :
260 _bRex Book Store, Inc.,
260 _c1994
300 _a400 pages :
300 _billustrations ;
300 _c22 cm.
500 _aIncludes index.
650 _aSole proprietorship -- Accounting.
942 _2lcc
_cBK
999 _c293210
_d293210